Making it modern : (Record no. 109711)
[ view plain ]
| 000 -LEADER | |
|---|---|
| fixed length control field | 00589cam a22001937i 4500 |
| 001 - CONTROL NUMBER | |
| control field | 18693517 |
| 005 - DATE AND TIME OF LATEST TRANSACTION | |
| control field | 20181221095332.0 |
| 008 - FIXED-LENGTH DATA ELEMENTS--GENERAL INFORMATION | |
| fixed length control field | 150709t20162016nyuab b 001 0 eng d |
| 020 ## - INTERNATIONAL STANDARD BOOK NUMBER | |
| International Standard Book Number | 9781940291154 |
| 020 ## - INTERNATIONAL STANDARD BOOK NUMBER | |
| International Standard Book Number | 1940291151 |
| 040 ## - CATALOGING SOURCE | |
| Transcribing agency | PK-LaUMT |
| 082 04 - DEWEY DECIMAL CLASSIFICATION NUMBER | |
| Classification number | 712 |
| Item number | BET-M |
| 100 1# - MAIN ENTRY--PERSONAL NAME | |
| Personal name | Betsky, Aaron |
| 245 10 - TITLE STATEMENT | |
| Title | Making it modern : |
| Remainder of title | the history of Modernism in architecture and design / |
| Statement of responsibility, etc | Aaron Betsky |
| 260 ## - PUBLICATION, DISTRIBUTION, ETC. (IMPRINT) | |
| Place of publication, distribution, etc | New York : |
| Name of publisher, distributor, etc | Actar Publishers, |
| Date of publication, distribution, etc | 2016 |
| 300 ## - PHYSICAL DESCRIPTION | |
| Extent | 351 p. : |
| Other physical details | illustrations (some color), maps ; |
| Dimensions | 24 cm |
| 650 #0 - SUBJECT ADDED ENTRY--TOPICAL TERM | |
| Topical term or geographic name as entry element | Modern movement (Architecture) |
| 942 ## - ADDED ENTRY ELEMENTS (KOHA) | |
| Koha item type | Books |
| Withdrawn status | Lost status | Damaged status | Home library | Current library | Date acquired | Full call number | Barcode | Date last seen | Price effective from | Koha item type |
|---|---|---|---|---|---|---|---|---|---|---|
| UMT Main Campus | UMT Main Campus | 2018-12-21 | 712 BET-M | 127088 | 2018-12-21 | 2018-12-21 | Books |
